书目信息 |
| 题名: |
番茄大棚技术问答
|
|
| 作者: | 胡永军 主编 | |
| 分册: | ||
| 出版信息: | 北京 化学工业出版社 2010 |
|
| 页数: | 176页 | |
| 开本: | 21cm | |
| 丛书名: | 寿光科学种菜经验问答丛书 | |
| 单 册: | ||
| 中图分类: | S641.2 | |
| 科图分类: | ||
| 主题词: | 番茄--大棚栽培 , 番茄 , 大棚栽培 | |
| 电子资源: | ||
| ISBN: | 978-7-122-08466-8 | |
| 000 | 00930oam2 2200277 45 | |
| 001 | 1130725265 | |
| 005 | 20110310090259.23 | |
| 010 | @a978-7-122-08466-8@dCNY18.00 | |
| 100 | @a20110122d2010 em y0chiy50 ea | |
| 101 | 0 | @achi |
| 102 | @aCN@b110000 | |
| 105 | @aa z 000yy | |
| 106 | @ar | |
| 200 | 1 | @a番茄大棚技术问答@AFan Qie Da Peng Ji Shu Wen Da@f胡永军主编@FHu Yong Jun Zhu Bian |
| 210 | @a北京@c化学工业出版社@d2010 | |
| 215 | @a176页@c图@d21cm | |
| 225 | 2 | @a寿光科学种菜经验问答丛书 |
| 330 | @a本书介绍了寿光菜农在番茄保护地栽培中的种植经验与关键技术,常见的疑难问题及解决办法。具体包括温室建造、优良品种选择、育苗技术、栽培管理、病虫害防治等问题。 | |
| 461 | 0 | @12001 @a寿光科学种菜经验问答丛书 |
| 606 | 0 | @a番茄@x大棚栽培 |
| 606 | 0 | @a番茄 |
| 606 | 0 | @a大棚栽培 |
| 690 | @aS641.2@v4 | |
| 701 | 0 | @a胡永军@AHu Yong Jun@4主编 |
| 801 | 0 | @aCN@bTANGWEI@c20110310 |
| 905 | @b0531746-49@dS641.2@e220@f4 | |
| 番茄大棚技术问答/胡永军主编.-北京:化学工业出版社,2010 |
| 176页:图;21cm.-(寿光科学种菜经验问答丛书) |
| ISBN 978-7-122-08466-8:CNY18.00 |
| 本书介绍了寿光菜农在番茄保护地栽培中的种植经验与关键技术,常见的疑难问题及解决办法。具体包括温室建造、优良品种选择、育苗技术、栽培管理、病虫害防治等问题。 |
| ● |
| 相关链接 |
|
|
|
|
正题名:番茄大棚技术问答
索取号:S641.2/220
 
预约/预借
| 序号 | 登录号 | 条形码 | 馆藏地/架位号 | 状态 | 备注 |
| 1 | 0531746 | 205317469 | 第二样本阅览室/ [索取号:S641.2/220] | 在馆 | |
| 2 | 0531747 | 205317478 | 密集书库-生命科学系/ [索取号:S641.2/220] | 在馆 | |
| 3 | 0531748 | 205317487 | 第三借阅区/ [索取号:S641.2/220] | 在馆 | |
| 4 | 0531749 | 205317496 | 第三借阅区/ [索取号:S641.2/220] | 在馆 |